| 000 | 00531nam a2200217Ia 4500 | ||
|---|---|---|---|
| 003 | OSt | ||
| 005 | 20221005121144.0 | ||
| 006 | a|||||r|||| 00| 0 | ||
| 007 | ta | ||
| 008 | 221004b |||||||| |||| 00| 0 eng d | ||
| 024 | _a54360 | ||
| 037 | _cTextual | ||
| 040 |
_aCRL _cCRL _beng |
||
| 041 |
_2eng _aeng |
||
| 082 | _aR65:6x, 15E5 | ||
| 245 | 0 | _aGitasamghraha or a collection of the Gitas P 1. | |
| 260 | _c1915 | ||
| 650 | _aPHILOSOPHY | ||
| 942 |
_hR65:6x, 15E5 _cTEXL _2cc |
||
| 999 |
_c1040290 _d1040290 |
||